[Event "11th EUR-ch"]
[Site "Rijeka CRO"]
[Date "2010.03.11"]
[Round "6"]
[White "Ekstrom, Roland"]
[Black "Golod, Vitali"]
[Result "1/2-1/2"]
[WhiteElo "2491"]
[BlackElo "2590"]
[EventDate "2010.03.06"]
[PlyCount "63"]

1.e4 c5 2.c3 Nf6 3.e5 Nd5 4.d4 cxd4 5.Nf3 d6 6.cxd4 Nc6 7.Bc4 Nb6 8.Bb5 
dxe5 9.Nxe5 Bd7 10.Nxd7 Qxd7 11.Nc3 e6 12.O-O Be7 13.Qg4 O-O 14.Bxc6 bxc6 
15.Bh6 Bf6 16.Rfe1 Kh8 17.Ne4 Qe7 18.Bg5 Bxg5 19.Qxg5 Qxg5 20.Nxg5 Nd5 21.
Rac1 Rab8 22.b3 Rb6 23.Rc5 Ra6 24.Re2 Kg8 25.Ne4 Rb8 26.g3 Kf8 27.Rc4 Ke7 
28.Nc5 Rab6 29.Na4 Ra6 30.Nc5 Rab6 31.Na4 Ra6 32.Nc5 1/2-1/2

[Event "11th EUR-ch"]
[Site "Rijeka CRO"]
[Date "2010.03.11"]
[Round "6"]
[White "Levin, Evgeny"]
[Black "Pantsulaia, Levan"]
[Result "1/2-1/2"]
[WhiteElo "2486"]
[BlackElo "2588"]
[EventDate "2010.03.06"]
[PlyCount "84"]

1.d4 Nf6 2.c4 c5 3.d5 e6 4.Nc3 exd5 5.cxd5 d6 6.g3 g6 7.Bg2 Bg7 8.Nf3 O-O 
9.O-O a6 10.a4 Nbd7 11.Bf4 Qe7 12.h3 Rb8 13.Rb1 h6 14.Qc1 g5 15.Bd2 Nb6 
16.h4 g4 17.Ne1 Bf5 18.Nd3 Kh7 19.e4 Bg6 20.Re1 Nc4 21.Bf4 Nd7 22.Qc2 Nde5
23.Nxe5 Nxe5 24.Nd1 Nf3+ 25.Bxf3 gxf3 26.h5 Bxh5 27.Ne3 Bg6 28.Nf5 Bxf5 
29.exf5 Qf6 30.Re3 Kg8 31.Rxf3 b5 32.a5 Rfe8 33.Kg2 Rb7 34.Bd2 b4 35.Qc4 
Qd4 36.Qxa6 Qxd5 37.Qd3 Qxd3 38.Rxd3 Rd8 39.b3 Ra7 40.Rd5 Rxa5 41.Bxb4 Rb5
42.Bd2 Bf8 1/2-1/2

[Event "11th EUR-ch"]
[Site "Rijeka CRO"]
[Date "2010.03.11"]
[Round "6"]
[White "Durarbayli, Vasif"]
[Black "Buhmann, Rainer"]
[Result "1/2-1/2"]
[WhiteElo "2476"]
[BlackElo "2587"]
[EventDate "2010.03.06"]
[PlyCount "130"]

1.e4 e5 2.Nf3 Nc6 3.Bb5 Nf6 4.O-O Nxe4 5.d4 Nd6 6.dxe5 Nxb5 7.a4 Nxe5 8.
Nxe5 Nd6 9.Qg4 h5 10.Qh3 Ne4 11.Qf5 Qe7 12.Qxe4 d6 13.Nc3 Qxe5 14.Qf3 c6 
15.Bf4 Qf5 16.Rfe1+ Be6 17.Ne4 O-O-O 18.Qe3 Be7 19.Rad1 d5 20.Ng3 Qg4 21.
h3 Qh4 22.Nf5 Bxf5 23.Qe5 Bd6 24.Qxf5+ Kb8 25.Bg5 Qxa4 26.Bxd8 Rxd8 27.b3 
Qf4 28.Qxf4 Bxf4 29.Re7 Rf8 30.c4 Bg5 31.Re5 Bf6 32.Rxh5 g6 33.Rh7 dxc4 
34.bxc4 a5 35.Rd6 Be5 36.Rd3 a4 37.Rh4 Bb2 38.c5 a3 39.Ra4 Re8 40.Rdxa3 
Bxa3 41.Rxa3 Re1+ 42.Kh2 Rc1 43.Ra5 Kc7 44.h4 Kd7 45.g4 Ke6 46.Kg3 f5 47.
gxf5+ Kxf5 48.f3 Rg1+ 49.Kf2 Rh1 50.Ra4 Rc1 51.Rb4 Rxc5 52.Rxb7 Re5 53.Rc7
Re6 54.Kg3 Ke5 55.Kg4 Kd6 56.Rc8 Kd7 57.Ra8 c5 58.h5 gxh5+ 59.Kxh5 c4 60.
f4 Re8 61.Ra1 Ke6 62.Re1+ Kf7 63.Rc1 Rc8 64.Kg5 c3 65.Kf5 c2 1/2-1/2

[Event "11th EUR-ch"]
[Site "Rijeka CRO"]
[Date "2010.03.11"]
[Round "6"]
[White "Maiwald, Jens-Uwe"]
[Black "Rakhmanov, Alexander"]
[Result "1/2-1/2"]
[WhiteElo "2474"]
[BlackElo "2584"]
[EventDate "2010.03.06"]
[PlyCount "35"]

1.e4 e6 2.d3 d5 3.Nd2 Nf6 4.g3 c5 5.Bg2 Nc6 6.Ngf3 Be7 7.O-O b6 8.Re1 Bb7 
9.c3 Qc7 10.Nf1 O-O-O 11.Bf4 Qd7 12.e5 Ne8 13.d4 c4 14.b3 Nc7 15.Qd2 h6 
16.h4 Na5 17.b4 Nc6 18.a4 1/2-1/2

[Event "11th EUR-ch"]
[Site "Rijeka CRO"]
[Date "2010.03.11"]
[Round "6"]
[White "Gagunashvili, Merab"]
[Black "Doric, Darko"]
[Result "1/2-1/2"]
[WhiteElo "2582"]
[BlackElo "2464"]
[EventDate "2010.03.06"]
[PlyCount "36"]

1.d4 d5 2.c4 dxc4 3.e4 e5 4.Nf3 exd4 5.Bxc4 Nc6 6.O-O Be6 7.Bxe6 fxe6 8.
Qb3 Qd7 9.Qxb7 Rb8 10.Qa6 Nf6 11.Nbd2 Bd6 12.a3 O-O 13.Qd3 Ng4 14.h3 Nge5 
15.Nxe5 Nxe5 16.Qxd4 Qb5 17.a4 Qe2 18.Qe3 Qxe3 1/2-1/2

[Event "11th EUR-ch"]
[Site "Rijeka CRO"]
[Date "2010.03.11"]
[Round "6"]
[White "Bosiocic, Marin"]
[Black "Iakemov, Vladimir"]
[Result "1/2-1/2"]
[WhiteElo "2577"]
[BlackElo "2463"]
[EventDate "2010.03.06"]
[PlyCount "29"]

1.d4 d5 2.c4 e6 3.Nf3 Nc6 4.Nc3 Bb4 5.Bg5 Nf6 6.e3 h6 7.Bxf6 Qxf6 8.cxd5 
exd5 9.Rc1 O-O 10.a3 Bxc3+ 11.Rxc3 Qd6 12.Qc2 Bg4 13.Bb5 Bxf3 14.gxf3 Ne7 
15.h4 1/2-1/2

[Event "11th EUR-ch"]
[Site "Rijeka CRO"]
[Date "2010.03.11"]
[Round "6"]
[White "Petrosian, Davit Gevorgi"]
[Black "Yemelin, Vasily"]
[Result "1/2-1/2"]
[WhiteElo "2468"]
[BlackElo "2576"]
[EventDate "2010.03.06"]
[PlyCount "31"]

1.e4 e6 2.d4 d5 3.Nc3 Nf6 4.Bg5 Bb4 5.e5 h6 6.Bd2 Bxc3 7.bxc3 Ne4 8.Qg4 
Kf8 9.Bd3 Nxd2 10.Kxd2 c5 11.h4 Nc6 12.Rh3 c4 13.Be2 b5 14.Qf4 Bd7 15.Bh5 
Be8 16.Ne2 1/2-1/2

[Event "11th EUR-ch"]
[Site "Rijeka CRO"]
[Date "2010.03.11"]
[Round "6"]
[White "Hera, Imre jr"]
[Black "Kalegin, Evgeny"]
[Result "1-0"]
[WhiteElo "2574"]
[BlackElo "2456"]
[EventDate "2010.03.06"]
[PlyCount "83"]

1.d4 Nf6 2.c4 g6 3.Nf3 Bg7 4.g3 O-O 5.Bg2 d6 6.O-O Nbd7 7.Nc3 e5 8.e4 c6 
9.h3 exd4 10.Nxd4 Qb6 11.Re1 Ne8 12.Nb3 a5 13.Be3 Qc7 14.Nd4 Nc5 15.b3 f5 
16.exf5 Bxf5 17.Qd2 Qf7 18.Rad1 Bc8 19.Nf3 h6 20.Bxc5 dxc5 21.Ne5 Qf6 22.
f4 Bf5 23.g4 Be6 24.Ne4 Qxf4 25.Qxf4 Rxf4 26.Nxg6 Rxe4 27.Rxe4 Bf7 28.Ne7+
Kf8 29.Nf5 Bg6 30.Rf4 Bxf5 31.Rxf5+ Ke7 32.Re1+ Kd6 33.Rf7 Bd4+ 34.Kh1 Nc7
35.Ree7 Na6 36.Rxb7 Nb4 37.a3 Nd3 38.Rbd7+ Ke5 39.Bxc6 Rb8 40.Bd5 Bb2 41.
Rf5+ Kd4 42.Bc6+ 1-0

[Event "11th EUR-ch"]
[Site "Rijeka CRO"]
[Date "2010.03.11"]
[Round "6"]
[White "Neubauer, Martin"]
[Black "Stefansson, Hannes"]
[Result "0-1"]
[WhiteElo "2465"]
[BlackElo "2574"]
[EventDate "2010.03.06"]
[PlyCount "106"]

1.d4 Nf6 2.c4 e6 3.Nc3 Bb4 4.Qc2 O-O 5.Nf3 c5 6.dxc5 Na6 7.g3 Nxc5 8.Bg2 
Nce4 9.O-O Bxc3 10.bxc3 d6 11.Nd4 Nc5 12.Rd1 Bd7 13.Nb3 Qc7 14.Nxc5 Qxc5 
15.Qd3 Bc6 16.Be3 Qh5 17.f3 Rfd8 18.c5 d5 19.Bf4 Nd7 20.Bd6 Ne5 21.Qd4 Nc4
22.g4 Qg6 23.Bg3 f6 24.Rab1 Qc2 25.Qd3 Qxa2 26.Ra1 Qb2 27.Bf2 Ne5 28.Qe3 
Re8 29.g5 Qc2 30.gxf6 gxf6 31.Kh1 Kh8 32.Rg1 Qf5 33.Qh6 Nf7 34.Qh4 Qg5 35.
Qh3 Qh6 36.Qh4 e5 37.Bh3 Qxh4 38.Bxh4 Ng5 39.Bxg5 fxg5 40.Rxg5 a5 41.Bf5 
e4 42.f4 a4 43.e3 Rg8 44.h4 Rxg5 45.hxg5 Kg7 46.Ra2 Ra5 47.Rh2 a3 48.Rxh7+
Kf8 49.g6 a2 50.g7+ Kf7 51.Be6+ Kf6 52.g8=Q a1=Q+ 53.Kh2 Ra2+ 0-1

[Event "11th EUR-ch"]
[Site "Rijeka CRO"]
[Date "2010.03.11"]
[Round "6"]
[White "Nevednichy, Vladislav"]
[Black "Todorovic, Goran"]
[Result "1/2-1/2"]
[WhiteElo "2572"]
[BlackElo "2453"]
[EventDate "2010.03.06"]
[PlyCount "126"]

1.e4 e5 2.Nf3 Nc6 3.Bc4 Nf6 4.d3 Bc5 5.O-O O-O 6.Bb3 d6 7.c3 a6 8.h3 Ba7 
9.Re1 Ne7 10.Nbd2 Ng6 11.Nf1 b5 12.Ng3 Bb7 13.d4 h6 14.Bc2 Re8 15.a4 Bb6 
16.d5 c6 17.dxc6 Bxc6 18.axb5 axb5 19.Rxa8 Bxa8 20.Nf5 Re6 21.Nh2 d5 22.
exd5 Qxd5 23.Qxd5 Bxd5 24.Ne3 Bc6 25.Nf5 Ne8 26.Rd1 h5 27.Bg5 e4 28.Nd4 
Bxd4 29.Rxd4 Re5 30.Be3 f5 31.g3 h4 32.Nf1 Kh7 33.Bg5 hxg3 34.fxg3 Nf8 35.
Bf4 Re7 36.Ne3 Ne6 37.Rd1 g6 38.Bb3 Nc5 39.Bd5 Bd7 40.Rd4 Nd3 41.c4 Ne1 
42.Rd1 Nf3+ 43.Kf2 g5 44.Bb8 bxc4 45.Bxc4 Kg6 46.b4 Be6 47.Bd6 Nxd6 48.
Rxd6 Kf6 49.Ra6 f4 50.gxf4 gxf4 51.Nd5+ Kf7 52.Rxe6 Kxe6 53.Nxe7+ Kxe7 54.
Bd5 Nd2 55.b5 Kd6 56.b6 e3+ 57.Ke2 Kxd5 58.b7 Ke4 59.b8=Q f3+ 60.Kd1 f2 
61.Qb4+ Ke5 62.Qc5+ Ke4 63.Qc6+ Ke5 1/2-1/2

[Event "11th EUR-ch"]
[Site "Rijeka CRO"]
[Date "2010.03.11"]
[Round "6"]
[White "Womacka, Mathias"]
[Black "Jankovic, Alojzije"]
[Result "1-0"]
[WhiteElo "2452"]
[BlackElo "2569"]
[EventDate "2010.03.06"]
[PlyCount "139"]

1.e4 c5 2.Nf3 Nc6 3.d4 cxd4 4.Nxd4 Nf6 5.Nc3 d6 6.Be2 g6 7.Nb3 Bg7 8.O-O 
O-O 9.Re1 a6 10.Bf1 b5 11.Bg5 Nd7 12.Qc1 Re8 13.a4 b4 14.Nd5 Rb8 15.a5 f6 
16.Be3 e6 17.Nb6 Bf8 18.Qd2 Qc7 19.Red1 Nde5 20.Qe2 Bb7 21.f4 Nf7 22.f5 
Nfe5 23.fxe6 Rxe6 24.Nd5 Qf7 25.h3 Nd7 26.Qg4 Rbe8 27.Nd2 Nc5 28.Nf4 Ne5 
29.Qg3 R6e7 30.Nd5 Bxd5 31.exd5 Nf3+ 32.Nxf3 Rxe3 33.Bc4 f5 34.Re1 Ne4 35.
Qf4 Rxe1+ 36.Rxe1 Bg7 37.b3 g5 38.Qe3 Bc3 39.Re2 g4 40.hxg4 fxg4 41.Ng5 
Qf6 42.Nxe4 Rxe4 43.Qxe4 Bd4+ 44.Re3 g3 45.Qg4+ Qg7 46.Qe6+ Qf7 47.Kh1 
Bxe3 48.Qxe3 Qh5+ 49.Kg1 Qh2+ 50.Kf1 Qh1+ 51.Qg1 Qh5 52.Be2 Qh6 53.Ke1 
Qc1+ 54.Bd1 Qh6 55.Qf1 Qe3+ 56.Qe2 Qg1+ 57.Kd2 Qd4+ 58.Qd3 Qf2+ 59.Be2 
Qxg2 60.Qf3 Qh2 61.Qg4+ Kf8 62.Qf5+ Kg7 63.Qg5+ Kf8 64.Qf6+ Kg8 65.Qxd6 h5
66.Qe6+ Kf8 67.Qf6+ Kg8 68.d6 Qh3 69.Qd8+ Kg7 70.Qe7+ 1-0

[Event "11th EUR-ch"]
[Site "Rijeka CRO"]
[Date "2010.03.11"]
[Round "6"]
[White "Iotov, Valentin"]
[Black "Vernay, Clovis"]
[Result "1/2-1/2"]
[WhiteElo "2568"]
[BlackElo "2440"]
[EventDate "2010.03.06"]
[PlyCount "37"]

1.d4 d5 2.Nf3 Nf6 3.c4 c6 4.e3 Bg4 5.cxd5 cxd5 6.Qb3 Qc7 7.Nc3 Bxf3 8.gxf3
e6 9.Bd2 Nc6 10.Rc1 Be7 11.Bd3 O-O 12.Ne2 Qd7 13.Ng3 Rac8 14.O-O h5 15.h4 
g6 16.Kg2 Ne8 17.Rh1 Ng7 18.f4 Rc7 19.Ne2 1/2-1/2

[Event "11th EUR-ch"]
[Site "Rijeka CRO"]
[Date "2010.03.11"]
[Round "6"]
[White "Gajewski, Grzegorz"]
[Black "Smirnov, Artem"]
[Result "1-0"]
[WhiteElo "2567"]
[BlackElo "2435"]
[EventDate "2010.03.06"]
[PlyCount "75"]

1.d4 Nf6 2.c4 e6 3.Nc3 Bb4 4.Qc2 Nc6 5.Nf3 d6 6.Bd2 O-O 7.a3 Bxc3 8.Bxc3 
Qe7 9.b4 e5 10.d5 Nd8 11.e3 Ne8 12.c5 f5 13.Bc4 Nf7 14.O-O Nf6 15.Nd2 Ne4 
16.Qb2 Bd7 17.f4 Nf6 18.Nf3 e4 19.Nd4 Rfe8 20.c6 bxc6 21.dxc6 Bc8 22.Nb5 
a6 23.Bxf6 gxf6 24.Nd4 Kg7 25.Qe2 Nh8 26.Qh5 Ng6 27.Nxf5+ Bxf5 28.Qxf5 a5 
29.bxa5 Qd8 30.a6 Ne7 31.Qh5 Rf8 32.Rfd1 f5 33.Qe2 Qc8 34.Qb2+ Kg6 35.Qb7 
Rb8 36.Rxd6+ cxd6 37.Qxe7 Qxc6 38.Qg5# 1-0

[Event "11th EUR-ch"]
[Site "Rijeka CRO"]
[Date "2010.03.11"]
[Round "6"]
[White "Dvirnyy, Danyyil"]
[Black "Sanikidze, Tornike"]
[Result "1-0"]
[WhiteElo "2450"]
[BlackElo "2566"]
[EventDate "2010.03.06"]
[PlyCount "85"]

1.d4 Nf6 2.c4 g6 3.Nc3 d5 4.cxd5 Nxd5 5.e4 Nxc3 6.bxc3 Bg7 7.Bc4 O-O 8.Be3
c5 9.Ne2 Nc6 10.O-O Bg4 11.f3 Na5 12.Bd3 cxd4 13.cxd4 Be6 14.d5 Bxa1 15.
Qxa1 f6 16.Bh6 Re8 17.Kh1 Rc8 18.Nf4 Bd7 19.e5 Nc4 20.e6 Ba4 21.Nxg6 hxg6 
22.Bxg6 Ne5 23.Be4 Bc2 24.Bxc2 Rxc2 25.Qd1 Kh7 26.f4 Kxh6 27.fxe5 Qc7 28.
d6 Qc4 29.exf6 exf6 30.d7 Rg8 31.Rxf6+ Kg7 32.Rf1 Kh6 33.Rf6+ Kg7 34.Rf1 
Kh6 35.e7 Rgxg2 36.Qh5+ Kxh5 37.e8=Q+ Kh6 38.Rf6+ Kg5 39.Qe5+ Kh4 40.Rf4+ 
Qxf4 41.Qxf4+ Kh5 42.Qf3+ Rg4 43.Qh3+ 1-0

[Event "11th EUR-ch"]
[Site "Rijeka CRO"]
[Date "2010.03.11"]
[Round "6"]
[White "Zufic, Miroslav"]
[Black "Grigorian, Avetik"]
[Result "1-0"]
[WhiteElo "2445"]
[BlackElo "2565"]
[EventDate "2010.03.06"]
[PlyCount "105"]

1.e4 e6 2.d4 d5 3.Nc3 Bb4 4.e5 Ne7 5.a3 Bxc3+ 6.bxc3 c5 7.Qg4 cxd4 8.cxd4 
Qc7 9.Bd2 Qxc2 10.Qxg7 Rg8 11.Qh6 Nbc6 12.Ne2 Nxd4 13.Nxd4 Qb2 14.Bb5+ Bd7
15.Bxd7+ Kxd7 16.Nb3 Qxb3 17.O-O Qf3 18.Bg5 Qf5 19.f4 Rg6 20.Qh4 Nc6 21.g4
Qe4 22.Qxh7 Nxe5 23.fxe5 Qxg4+ 24.Kf2 Qf5+ 25.Ke2 Qxe5+ 26.Kd3 Qe4+ 27.Kd2
Qd4+ 28.Ke2 Rxg5 29.Rxf7+ Kd6 30.Rd7+ Ke5 31.Re1 Rf8 32.Rf7 Kd6 33.Rd7+ 
Ke5 34.Rf7 Rxf7 35.Qxf7 Rf5 36.Qg7+ Rf6 37.Qc7+ Kf5 38.Qh7+ Kg5 39.Qg7+ 
Kh5 40.Qh8+ Kg5 41.h4+ Kg6 42.Rg1+ Qxg1 43.Qg8+ Kh5 44.Qxg1 Kxh4 45.Qxa7 
b5 46.Qe7 Kg5 47.Ke3 Kg6 48.Qe8+ Kg5 49.Qxb5 Rf5 50.Qb8 Kf6 51.a4 Kg6 52.
Qg8+ Kf6 53.Qd8+ 1-0

[Event "11th EUR-ch"]
[Site "Rijeka CRO"]
[Date "2010.03.11"]
[Round "6"]
[White "Pankov, German"]
[Black "Evdokimov, Alexander"]
[Result "0-1"]
[WhiteElo "2353"]
[BlackElo "2564"]
[EventDate "2010.03.06"]
[PlyCount "52"]

1.d4 Nf6 2.Bg5 c5 3.d5 g6 4.Nc3 Bg7 5.e4 h6 6.Be3 d6 7.h3 O-O 8.Nf3 e6 9.
Nd2 exd5 10.exd5 Na6 11.Nc4 Re8 12.Be2 Bf5 13.g4 Be4 14.O-O Nc7 15.Nxe4 
Rxe4 16.Nd2 Rxe3 17.fxe3 Ncxd5 18.Nc4 Qe7 19.Bf3 Qe6 20.Bxd5 Nxd5 21.Qf3 
Nb4 22.Qxb7 Rf8 23.c3 Nd3 24.Qa6 Qe4 25.Nxd6 Qxe3+ 26.Kg2 Be5 0-1

[Event "11th EUR-ch"]
[Site "Rijeka CRO"]
[Date "2010.03.11"]
[Round "6"]
[White "Grigoriants, Sergey"]
[Black "Manea, Alexandru"]
[Result "1-0"]
[WhiteElo "2562"]
[BlackElo "2392"]
[EventDate "2010.03.06"]
[PlyCount "76"]

1.e4 e5 2.Nf3 Nf6 3.Nxe5 d6 4.Nf3 Nxe4 5.Nc3 Nxc3 6.dxc3 Be7 7.Be3 Nc6 8.
Qd2 Be6 9.Ng5 Qd7 10.Nxe6 Qxe6 11.Be2 O-O 12.O-O a6 13.Rfe1 Rab8 14.f4 Bf6
15.Bf3 Qd7 16.Bf2 g6 17.Qd3 Rfe8 18.Qc4 Kf8 19.Be4 Kg8 20.g3 Kf8 21.Bg2 
Rxe1+ 22.Rxe1 Rd8 23.Qb3 Rb8 24.h3 Na5 25.Qb4 Nc6 26.Qc4 Kg8 27.g4 Rf8 28.
Qb3 Qc8 29.Qc4 Qd7 30.Qb3 Qc8 31.g5 Bg7 32.Kh2 Qb8 33.h4 Rd8 34.Qd5 Bf8 
35.h5 Re8 36.Rh1 Ne7 37.Qf3 c5 38.hxg6 hxg6 1-0

[Event "11th EUR-ch"]
[Site "Rijeka CRO"]
[Date "2010.03.11"]
[Round "6"]
[White "Sarbok, Torsten"]
[Black "Shimanov, Alexander"]
[Result "1-0"]
[WhiteElo "2319"]
[BlackElo "2553"]
[EventDate "2010.03.06"]
[PlyCount "73"]

1.e4 c5 2.Nf3 e6 3.d4 cxd4 4.Nxd4 Nc6 5.Nxc6 bxc6 6.Bd3 Nf6 7.O-O d5 8.e5 
Nd7 9.Qe2 Nc5 10.Nd2 Be7 11.Nb3 Nxd3 12.cxd3 c5 13.Qg4 Kf8 14.Be3 d4 15.
Qe4 Rb8 16.Bd2 Bb7 17.Qe2 Bd5 18.Rfc1 Rb5 19.Rc2 Qb6 20.Qe1 Bxb3 21.axb3 
Rxb3 22.Rc4 g5 23.Rca4 Rxd3 24.Qe2 Rb3 25.Bc1 Kg7 26.Rxa7 Qd8 27.Qd1 Rb4 
28.h4 h6 29.R1a6 d3 30.Be3 Rxb2 31.Rc6 d2 32.Kh2 Qd5 33.Rcc7 Qxe5+ 34.g3 
gxh4 35.Qg4+ Bg5 36.Rxf7+ Kg6 37.Kh3 1-0

[Event "11th EUR-ch"]
[Site "Rijeka CRO"]
[Date "2010.03.11"]
[Round "6"]
[White "Solak, Dragan"]
[Black "Pavlidis, Anastasios"]
[Result "1/2-1/2"]
[WhiteElo "2553"]
[BlackElo "2338"]
[EventDate "2010.03.06"]
[PlyCount "94"]

1.c4 Nf6 2.Nc3 g6 3.e4 d6 4.d4 Bg7 5.Nf3 O-O 6.Be2 e5 7.d5 a5 8.Be3 Ng4 9.
Bg5 f6 10.Bd2 f5 11.exf5 Bxf5 12.O-O e4 13.Ng5 e3 14.Bxg4 Qxg5 15.Bxf5 
exd2 16.Be6+ Kh8 17.g3 Na6 18.f4 Qf6 19.Qxd2 Nc5 20.Rae1 Rae8 21.Bg4 Qd4+ 
22.Qxd4 Bxd4+ 23.Kg2 Bxc3 24.bxc3 b6 25.Kf3 Rxe1 26.Rxe1 Nd3 27.Re7 Ne5+ 
28.Rxe5 dxe5 29.Ke4 exf4 30.gxf4 g5 31.Bf5 gxf4 32.Kxf4 Rg8 33.Bg4 Kg7 34.
Ke5 Re8+ 35.Be6 Kg6 36.a4 Rf8 37.d6 cxd6+ 38.Kxd6 Rf2 39.h3 Kf6 40.Bd7 Rc2
41.Kc7 Rxc3 42.Kxb6 Rxc4 43.Kxa5 Ke7 44.Bb5 Rc3 45.Kb6 Rxh3 46.a5 Ra3 47.
a6 Rxa6+ 1/2-1/2

[Event "11th EUR-ch"]
[Site "Rijeka CRO"]
[Date "2010.03.11"]
[Round "6"]
[White "Postny, Evgeny"]
[Black "Djurovic, Goran"]
[Result "0-1"]
[WhiteElo "2641"]
[BlackElo "2276"]
[EventDate "2010.03.06"]
[PlyCount "86"]

1.d4 Nf6 2.c4 e6 3.Nf3 c5 4.d5 d6 5.Nc3 exd5 6.cxd5 g6 7.Bf4 a6 8.a4 Bg7 
9.h3 O-O 10.e3 Nh5 11.Bh2 f5 12.Be2 f4 13.O-O fxe3 14.fxe3 Qe7 15.Kh1 Nd7 
16.Nd2 Rxf1+ 17.Nxf1 Nhf6 18.Nd2 Ne5 19.Qb3 g5 20.Nc4 Nxc4 21.Qxc4 b5 22.
axb5 axb5 23.Rxa8 bxc4 24.Rxc8+ Kf7 25.Nb5 Qxe3 26.Nxd6+ Kg6 27.Bf3 g4 28.
hxg4 Qe1+ 29.Bg1 Qh4+ 30.Bh2 Nxg4 31.Bxg4 Qxg4 32.Rc6 Qd1+ 33.Bg1 Qh5+ 34.
Bh2 Qxd5 35.Nc8+ Kg5 36.Rd6 Qe4 37.Rd1 Bxb2 38.Nd6 Qe2 39.Rd5+ Kg6 40.Nf5 
c3 41.Nh4+ Kf7 42.Nf3 c2 43.Bf4 Qd1+ 0-1

[Event "11th EUR-ch"]
[Site "Rijeka CRO"]
[Date "2010.03.11"]
[Round "6"]
[White "Delorme, Axel"]
[Black "Pashikian, Arman"]
[Result "1/2-1/2"]
[WhiteElo "2429"]
[BlackElo "2652"]
[EventDate "2010.03.06"]
[PlyCount "112"]

1.e4 e5 2.Nf3 Nc6 3.Bb5 Nf6 4.d3 Bc5 5.Bxc6 dxc6 6.h3 Nd7 7.Nbd2 Bd6 8.Nc4
c5 9.O-O O-O 10.b3 Re8 11.Bb2 f6 12.Nfd2 Nf8 13.f4 exf4 14.Nxd6 cxd6 15.
Rxf4 Bd7 16.Nc4 Ng6 17.Rf2 Bc6 18.Ne3 d5 19.Nxd5 Bxd5 20.exd5 Qxd5 21.Qg4 
b6 22.h4 Ne5 23.Qg3 Re6 24.Rf5 Rae8 25.Raf1 Kh8 26.Bxe5 Rxe5 27.Rxe5 Qd4+ 
28.Kh2 Qxe5 29.Qxe5 Rxe5 30.Rf4 Re2 31.Rc4 Kg8 32.Kg3 Kf7 33.Kf3 Rd2 34.b4
cxb4 35.Rc7+ Kg6 36.Rxa7 Rxc2 37.Ra4 Rb2 38.Ra6 Rd2 39.Rxb6 Rxd3+ 40.Kf2 
Rd4 41.Kg3 h6 42.Rb7 f5 43.Rb5 Kf6 44.Rb7 Rg4+ 45.Kh3 g6 46.a3 bxa3 47.Ra7
Re4 48.Rxa3 f4 49.Kg4 h5+ 50.Kf3 Kf5 51.Rc3 Re3+ 52.Rxe3 fxe3 53.g3 g5 54.
hxg5 Kxg5 55.Kxe3 h4 56.gxh4+ Kxh4 1/2-1/2

[Event "11th EUR-ch"]
[Site "Rijeka CRO"]
[Date "2010.03.11"]
[Round "6"]
[White "Kurmann, Oliver"]
[Black "Smirin, Ilia"]
[Result "1-0"]
[WhiteElo "2432"]
[BlackElo "2647"]
[EventDate "2010.03.06"]
[PlyCount "77"]

1.e4 c5 2.Nf3 e6 3.d4 cxd4 4.Nxd4 a6 5.Bd3 Bc5 6.Nb3 Be7 7.Qg4 g6 8.Qe2 d6
9.Be3 Qc7 10.N1d2 Nd7 11.f4 Ngf6 12.g4 b5 13.O-O-O Bb7 14.g5 Nh5 15.Rhf1 
O-O 16.Kb1 Rac8 17.Rc1 Rfe8 18.Qf2 d5 19.f5 Ne5 20.Be2 dxe4 21.fxe6 fxe6 
22.Bxh5 gxh5 23.Qh4 Rf8 24.Rxf8+ Rxf8 25.Qxh5 Ng6 26.Nd4 Qe5 27.Qg4 Nf4 
28.c4 Nd3 29.Rf1 Rxf1+ 30.Nxf1 bxc4 31.Qh5 Bd5 32.Qe8+ Bf8 33.Ng3 c3 34.
bxc3 Bxa2+ 35.Kc2 Nf4 36.Ngf5 Bb3+ 37.Kd2 Qc5 38.Nh6+ Kh8 39.Nxb3 1-0

[Event "11th EUR-ch"]
[Site "Rijeka CRO"]
[Date "2010.03.11"]
[Round "6"]
[White "Nyback, Tomi"]
[Black "Brunello, Sabino"]
[Result "1-0"]
[WhiteElo "2624"]
[BlackElo "2476"]
[EventDate "2010.03.06"]
[PlyCount "93"]

1.d4 Nf6 2.c4 e6 3.g3 d5 4.Nf3 dxc4 5.Bg2 c5 6.O-O Nc6 7.Qa4 Bd7 8.Qxc4 
cxd4 9.Nxd4 Rc8 10.Nc3 Nxd4 11.Qxd4 Bc5 12.Qh4 O-O 13.Bxb7 Rb8 14.Bf3 Rb4 
15.Qg5 Qb6 16.b3 h6 17.Qd2 e5 18.Ba3 Rd4 19.Bxc5 Qxc5 20.Qe3 Ng4 21.Bxg4 
Bxg4 22.Ne4 Qa5 23.f3 Be6 24.Rfc1 f6 25.Rc5 Qa6 26.Rc7 Qb6 27.Rac1 Bd5 28.
Nf2 Rf7 29.Rc8+ Kh7 30.Qc3 Bb7 31.Qc2+ g6 32.Rc7 Rdd7 33.Rxd7 Rxd7 34.Kg2 
h5 35.Rd1 Rxd1 36.Qxd1 Qc7 37.Qd3 Kg7 38.Ne4 Bxe4 39.Qxe4 f5 40.Qc4 Qb6 
41.b4 Kf6 42.a4 g5 43.a5 Qe3 44.Qd3 Qxd3 45.exd3 Ke6 46.b5 Kd6 47.f4 1-0

[Event "11th EUR-ch"]
[Site "Rijeka CRO"]
[Date "2010.03.11"]
[Round "6"]
[White "Azarov, Sergei"]
[Black "Yilmaz, Mustafa"]
[Result "1-0"]
[WhiteElo "2621"]
[BlackElo "2468"]
[EventDate "2010.03.06"]
[PlyCount "63"]

1.e4 c5 2.Nf3 d6 3.d4 cxd4 4.Nxd4 Nf6 5.Nc3 a6 6.Bg5 e6 7.f4 Nc6 8.Nxc6 
bxc6 9.e5 h6 10.Bh4 g5 11.fxg5 Nd5 12.Ne4 Qb6 13.c3 dxe5 14.g6 Qe3+ 15.Qe2
fxg6 16.Nf6+ Kf7 17.Ng4 Qxe2+ 18.Bxe2 Bg7 19.O-O+ Nf4 20.g3 g5 21.gxf4 
exf4 22.Bf2 e5 23.Bc5 e4 24.Rad1 Be6 25.Nf2 Rhb8 26.Rd6 Bxa2 27.Ra1 Bd5 
28.c4 f3 29.cxd5 fxe2 30.dxc6 Rxb2 31.Rd7+ Kg6 32.Rxg7+ 1-0

[Event "11th EUR-ch"]
[Site "Rijeka CRO"]
[Date "2010.03.11"]
[Round "6"]
[White "Caspi, Israel"]
[Black "Banikas, Hristos"]
[Result "1-0"]
[WhiteElo "2426"]
[BlackElo "2617"]
[EventDate "2010.03.06"]
[PlyCount "93"]

1.e4 c6 2.c4 g6 3.Nc3 Bg7 4.d4 d6 5.Be2 Nf6 6.f4 O-O 7.Nf3 Na6 8.O-O Bg4 
9.Be3 e6 10.e5 Ne8 11.h3 Bxf3 12.Bxf3 Qe7 13.Qb3 d5 14.cxd5 cxd5 15.a3 
Nec7 16.Rf2 Rab8 17.Rc1 b5 18.Na2 Rb7 19.Rfc2 Na8 20.Bd2 Qd7 21.Be2 Nb8 
22.Nb4 Re8 23.Nd3 Bf8 24.Nc5 Bxc5 25.Rxc5 a6 26.Qc2 Nb6 27.b3 Qe7 28.Bb4 
Qh4 29.Qd2 N8d7 30.Rc6 Rbb8 31.Bd6 Rbc8 32.Bc7 Na8 33.Ba5 Rxc6 34.Rxc6 Nb8
35.Rc3 Kg7 36.Bf3 Qe7 37.Bb4 Qa7 38.f5 exf5 39.Bxd5 Nd7 40.Bd6 Nf8 41.Bc5 
Nb6 42.Bc6 Rd8 43.d5 Qc7 44.Qd4 Nc8 45.Qh4 Kg8 46.d6 Qxc6 47.Qxd8 1-0

[Event "11th EUR-ch"]
[Site "Rijeka CRO"]
[Date "2010.03.11"]
[Round "6"]
[White "Andriasian, Zaven"]
[Black "Potapov, Alexander"]
[Result "1/2-1/2"]
[WhiteElo "2609"]
[BlackElo "2446"]
[EventDate "2010.03.06"]
[PlyCount "33"]

1.d4 d5 2.c4 e6 3.Nf3 Nf6 4.Nc3 Bb4 5.Bg5 h6 6.Bh4 dxc4 7.e3 b5 8.a4 c6 9.
Be2 O-O 10.Ne5 Bb7 11.Bf3 Qb6 12.Bxf6 gxf6 13.Be4 fxe5 14.Qg4+ Kh8 15.Qh5 
Kg7 16.Qg4+ Kh8 17.Qh5 1/2-1/2

[Event "11th EUR-ch"]
[Site "Rijeka CRO"]
[Date "2010.03.11"]
[Round "6"]
[White "Guseinov, Gadir"]
[Black "Baumegger, Siegfried"]
[Result "1-0"]
[WhiteElo "2609"]
[BlackElo "2442"]
[EventDate "2010.03.06"]
[PlyCount "81"]

1.e4 e5 2.Nf3 Nc6 3.Bb5 a6 4.Ba4 Nf6 5.O-O Be7 6.d3 b5 7.Bb3 d6 8.a4 Bg4 
9.c3 O-O 10.h3 Bxf3 11.Qxf3 Na5 12.Bc2 b4 13.Nd2 c5 14.Qe2 Nd7 15.Nf3 b3 
16.Bd1 Rb8 17.g3 Qc7 18.Be3 c4 19.Nd2 cxd3 20.Qxd3 Nc5 21.Qd5 Nd7 22.Be2 
Nf6 23.Qd3 Ra8 24.Bg5 Nd5 25.Qxd5 Bxg5 26.Nf3 Be7 27.Rfd1 Qb6 28.Nd2 Bg5 
29.Nf1 Rfd8 30.h4 Bh6 31.Nh2 g6 32.Ng4 Bg7 33.h5 Rac8 34.h6 Bh8 35.Ne3 Bf6
36.Qd3 Bg5 37.Nd5 Qa7 38.Qxa6 Qxa6 39.Bxa6 Ra8 40.Nb4 Bxh6 41.Rd5 1-0

[Event "11th EUR-ch"]
[Site "Rijeka CRO"]
[Date "2010.03.11"]
[Round "6"]
[White "Ris, Robert"]
[Black "Saric, Ivan"]
[Result "1-0"]
[WhiteElo "2422"]
[BlackElo "2607"]
[EventDate "2010.03.06"]
[PlyCount "181"]

1.d4 d5 2.c4 c6 3.Nf3 Nf6 4.cxd5 cxd5 5.Nc3 Nc6 6.Bf4 Nh5 7.Bd2 e6 8.Rc1 
Bd6 9.e3 Nf6 10.Bd3 O-O 11.O-O Re8 12.e4 Nb4 13.Bb1 dxe4 14.Nxe4 Nxe4 15.
Bxb4 Bxb4 16.Bxe4 a5 17.Ne5 g6 18.Qf3 Qe7 19.Rfd1 Rb8 20.Qb3 f6 21.a3 Bd6 
22.Nc4 Bc7 23.Ne3 Kg7 24.g3 b5 25.Bc6 Rd8 26.Bxb5 Bb6 27.Qa4 Qa7 28.Rc4 
Bb7 29.Qc2 Bf3 30.Rd2 e5 31.dxe5 fxe5 32.Rxd8 Rxd8 33.Bc6 Qf7 34.Bxf3 Qxf3
35.Qe4 Qxe4 36.Rxe4 Kf6 37.Ng4+ Kg7 38.Rxe5 Rd1+ 39.Kg2 h5 40.Re6 Bd4 41.
Ne5 Rd2 42.Rxg6+ Kh7 43.Rg5 Rxf2+ 44.Kh3 Kh6 45.Rg6+ Kh7 46.Rg5 Kh6 47.
Rg6+ Kh7 48.Re6 Rxb2 49.Nf3 Bc3 50.Re4 Rb3 51.a4 Bf6 52.Rf4 Kg7 53.Nd4 Ra3
54.Nc6 Ra2 55.Nxa5 Bd8 56.Nc6 Bb6 57.Ne5 Bd8 58.Nf3 Bf6 59.Nh4 Bg5 60.Re4 
Bf6 61.Nf5+ Kg6 62.Nd6 Rd2 63.Re6 Ra2 64.Ne8 Kf7 65.Rxf6+ Kxe8 66.Rf5 Rxa4
67.Rxh5 Kf7 68.Rb5 Kg6 69.g4 Ra2 70.Kg3 Ra3+ 71.Kh4 Rc3 72.Rb6+ Kg7 73.h3 
Ra3 74.g5 Rc3 75.Rf6 Rb3 76.Kg4 Rb4+ 77.Rf4 Rb1 78.h4 Rb5 79.Ra4 Rb7 80.h5
Kh7 81.h6 Rb1 82.Ra7+ Kg8 83.Kh5 Rb5 84.Re7 Ra5 85.Kg6 Ra6+ 86.Kf5 Ra5+ 
87.Kf6 Ra6+ 88.Re6 Ra8 89.g6 Kh8 90.Rd6 Rb8 91.Ke7 1-0